000 00596nam a2200229 i 4500
001 C2-0217245
003 PPAK
005 20180728105704.0
008 990616s1993 xx a|||| ||||| | may d
040 _aPPAK
_beng
_cPPAK
_erda
082 0 4 _a899.233
_2 23
090 0 0 _a899.233
_bZAI
_dKK
100 0 _aZainol Rashid Ahmad,
_eauthor
245 1 0 _aDiari Belasungkawa
264 1 _c1993
300 _a3 pages :
_billustrations ;
_c33 cm
336 _2rdacontent
_atext
337 _2rdamedia
_aunmediated
338 _2rdacarrier
_avolume
650 1 0 _aShort stories, Malay
942 _ddc
_cB
999 _c160490
_d160490